| 000 | 00637nam a2200205 u 4500 | ||
|---|---|---|---|
| 005 | 20210223130529.0 | ||
| 008 | 080623s2007 r 000 0 eng d | ||
| 020 | _a9789707709454 | ||
| 035 | _aUPN01000157342 | ||
| 049 | _aI | ||
| 050 | 4 |
_aPZ74.3 _bM3.2 |
|
| 100 | 1 |
_aMachado, Ana María, _d1941- _929089 |
|
| 245 | 1 | 1 |
_a¿Dónde está mi almohada? / _cAna María Machado ; il. de Francesc Rovira. |
| 260 |
_aMéxico : _bAlfaguara, _c2007. |
||
| 300 |
_a26 p. : _bil. col. |
||
| 440 | 0 | _aAlfaguara infantil | |
| 534 |
_pTítulo original: _tCadé meu travesseiro? |
||
| 650 | 4 |
_aPOESIA INFANTIL BRASILEÑA _911579 |
|
| 905 | _aInfantil | ||
| 999 |
_c129456 _d129456 |
||